000 00360nam a2200133Ia 4500
008 240624s9999 xx 000 0 und d
041 _aeng
082 _a823 RUS
100 _aGURNAH ABDULRAZAK
245 _aCAMBRIDGE COMPANION TO SALMAN RUSHDIE
260 _c2007
_aCambridge
_bCambridge University Press
300 _a220 : p. : cm. ; 22
365 _cBPS
_b30
999 _c11527
_d11527